Effect of different sources and levels of phosphorus on yield of tomato (lycopersicon esculentum mill.) / (Record no. 17437)

MARC details
000 -LEADER
fixed length control field 01048nam a22002417a 4500
001 - CONTROL NUMBER
control field BD-DhSAU 7469
003 - CONTROL NUMBER IDENTIFIER
control field BD-DhSAU
005 - DATE AND TIME OF LATEST TRANSACTION
control field 20240319145922.0
008 - FIXED-LENGTH DATA ELEMENTS--GENERAL INFORMATION
fixed length control field 150422b2006 bg ||||| m||m 00| 0 eng d
040 ## - CATALOGING SOURCE
Original cataloging agency BD-DhSAU
082 ## - DEWEY DECIMAL CLASSIFICATION NUMBER
Edition number 22
Classification number 631.4
Item number Af84
100 ## - MAIN ENTRY--PERSONAL NAME
Personal name AFRIN, SADAFA
Relator term Registration No. # 20-11084
245 ## - TITLE STATEMENT
Title Effect of different sources and levels of phosphorus on yield of tomato (lycopersicon esculentum mill.) /
Remainder of title MS thesis
260 ## - PUBLICATION, DISTRIBUTION, ETC. (IMPRINT)
Place of publication, distribution, etc. Sher-e- Bangla Agricultural University:
Name of publisher, distributor, etc. Department of Soil Science,
Date of publication, distribution, etc. 2022.
300 ## - PHYSICAL DESCRIPTION
Extent viii, 46p.:
Other physical details 30 cm.
500 ## - GENERAL NOTE
General note MS thesis of Department of Soil Science , Faculty of Agriculture, Sher-e-Bangla Agricultural University, Dhaka, Bangladesh
590 ## - Name of Cataloguer
Name of Cataloger Namul
650 ## - SUBJECT ADDED ENTRY--TOPICAL TERM
Topical term or geographic name as entry element phosphorus on yield of tomato (lycopersicon esculentum mill.)
700 ## - ADDED ENTRY--PERSONAL NAME
Personal name Prof. A.T.M Shamsuddoha
Relator term Superviser
700 ## - ADDED ENTRY--PERSONAL NAME
Personal name Prof. Dr. Md. Asaduzzaman Khan
Relator term Co-Superviser
856 ## - ELECTRONIC LOCATION AND ACCESS
Uniform Resource Identifier <a href="http://archive.saulibrary.edu.bd:8080/xmlui/handle/123456789/5151">http://archive.saulibrary.edu.bd:8080/xmlui/handle/123456789/5151</a>
942 ## - ADDED ENTRY ELEMENTS (KOHA)
Source of classification or shelving scheme Dewey Decimal Classification
Koha item type MS Level Thesis
Holdings
Withdrawn status Lost status Source of classification or shelving scheme Damaged status Not for loan Collection code Home library Branch Name Date acquired Total Checkouts Full call number Barcode Date last seen Price effective from Koha item type
    Dewey Decimal Classification   Not For Loan Reference SAU Library SAU Library 19/03/2024   631.4 Af84 45144 19/03/2024 19/03/2024 MS Level Thesis